<?xml version="1.0" encoding="UTF-8"?>
<record
    xmlns:xsi="http://www.w3.org/2001/XMLSchema-instance"
    xsi:schemaLocation="http://www.loc.gov/MARC21/slim http://www.loc.gov/standards/marcxml/schema/MARC21slim.xsd"
    xmlns="http://www.loc.gov/MARC21/slim">

  <leader>02226nam a2200397 i 4500</leader>
  <controlfield tag="001">196221</controlfield>
  <controlfield tag="003">ES-MaACL</controlfield>
  <controlfield tag="005">20250711063132.0</controlfield>
  <controlfield tag="008">240818s2021    sp     | |||| 000 0 spa  </controlfield>
  <datafield tag="015" ind1=" " ind2=" ">
    <subfield code="a">MON21</subfield>
  </datafield>
  <datafield tag="017" ind1=" " ind2=" ">
    <subfield code="a">TO 13-2021</subfield>
    <subfield code="b">Oficina Dep&#xF3;sito Legal Toledo</subfield>
  </datafield>
  <datafield tag="020" ind1=" " ind2=" ">
    <subfield code="a">9788412212969</subfield>
  </datafield>
  <datafield tag="035" ind1=" " ind2=" ">
    <subfield code="a">(SpMaBN)a6871850</subfield>
  </datafield>
  <datafield tag="035" ind1=" " ind2=" ">
    <subfield code="a">991034241719708606</subfield>
  </datafield>
  <datafield tag="040" ind1=" " ind2=" ">
    <subfield code="a">SpMaBN</subfield>
    <subfield code="b">spa</subfield>
    <subfield code="c">SpMaBN</subfield>
    <subfield code="e">rda</subfield>
  </datafield>
  <datafield tag="080" ind1=" " ind2=" ">
    <subfield code="a">821.134.2-36"20"</subfield>
  </datafield>
  <datafield tag="100" ind1="1" ind2=" ">
    <subfield code="a">Broull&#xF3;n, Manuel, </subfield>
    <subfield code="d">1987-</subfield>
    <subfield code="9">240302</subfield>
    <subfield code="e">aut</subfield>
  </datafield>
  <datafield tag="245" ind1="1" ind2="3">
    <subfield code="a">La tonalidad precisa del rojo /</subfield>
    <subfield code="c">Manuel Broull&#xF3;n ; ep&#xED;logo de Manuel &#xC1;ngel V&#xE1;zquez Medel.</subfield>
  </datafield>
  <datafield tag="250" ind1=" " ind2=" ">
    <subfield code="a">Primera edici&#xF3;n: enero, 2021</subfield>
  </datafield>
  <datafield tag="264" ind1=" " ind2="1">
    <subfield code="a">Madrid, Espa&#xF1;a :</subfield>
    <subfield code="b">Ka&#xF3;tica Libros,</subfield>
    <subfield code="c">[2021].</subfield>
  </datafield>
  <datafield tag="300" ind1=" " ind2=" ">
    <subfield code="a">117 p&#xE1;ginas :</subfield>
    <subfield code="c">21 cm.</subfield>
  </datafield>
  <datafield tag="336" ind1=" " ind2=" ">
    <subfield code="a">Texto</subfield>
    <subfield code="2">rdacontent</subfield>
  </datafield>
  <datafield tag="337" ind1=" " ind2=" ">
    <subfield code="a">sin mediaci&#xF3;n</subfield>
    <subfield code="2">rdamedia</subfield>
  </datafield>
  <datafield tag="338" ind1=" " ind2=" ">
    <subfield code="a">volumen</subfield>
    <subfield code="2">rdacarrier</subfield>
  </datafield>
  <datafield tag="490" ind1="1" ind2=" ">
    <subfield code="a">Multiverso ;</subfield>
    <subfield code="v">1</subfield>
  </datafield>
  <datafield tag="520" ind1=" " ind2=" ">
    <subfield code="a">La tonalidad precisa del rojo es la afirmaci&#xF3;n de una mirada que se funde con la ciudad, con los cuerpos que la habitan y con el tiempo que todo lo atraviesa.
La b&#xFA;squeda meditativa del mundo y sus representaciones suscita a la vez una experiencia sensorial de plenitud en el presente y la constataci&#xF3;n de la fragilidad del ser y de sus identidades.

&#xAB;Manuel Broull&#xF3;n nunca queda en la superficie de las cosas. Parte de la physis, de lo concreto y material, pero siempre va m&#xE1;s all&#xE1; de ello: lanza la palabra desde la fuerza proyectiva de lo simb&#xF3;lico. Por eso su escritura es f&#xED;sica y &#x2013;al mismo tiempo&#x2013; meta-f&#xED;sica. Y llega al fondo de las cosas con la minuciosidad del orfebre&#xBB;.

Manuel &#xC1;ngel V&#xE1;zquez Medel</subfield>
  </datafield>
  <datafield tag="655" ind1=" " ind2="0">
    <subfield code="a">Miscel&#xE1;neas</subfield>
    <subfield code="2">tgfbne</subfield>
    <subfield code="9">234752</subfield>
  </datafield>
  <datafield tag="700" ind1="1" ind2=" ">
    <subfield code="9">113461</subfield>
    <subfield code="a">V&#xE1;zquez Medel, Manuel &#xC1;ngel</subfield>
    <subfield code="e">aft</subfield>
  </datafield>
  <datafield tag="830" ind1=" " ind2="0">
    <subfield code="a">Multiverso ;</subfield>
    <subfield code="v">1</subfield>
    <subfield code="9">240303</subfield>
  </datafield>
  <datafield tag="852" ind1=" " ind2=" ">
    <subfield code="a">ES-MaACL</subfield>
    <subfield code="b">R.154508</subfield>
    <subfield code="c">DEPOJ</subfield>
    <subfield code="j">N-9296</subfield>
    <subfield code="g">Dedicatoria aut&#xF3;grafa del autor</subfield>
    <subfield code="h">Donaci&#xF3;n: Manuel Broull&#xF3;n</subfield>
    <subfield code="x">Encuadernaci&#xF3;n r&#xFA;stica con solapas</subfield>
    <subfield code="9">205348</subfield>
  </datafield>
  <datafield tag="903" ind1=" " ind2=" ">
    <subfield code="9">240302</subfield>
    <subfield code="a">Broull&#xF3;n, Manuel, </subfield>
    <subfield code="d">1987-</subfield>
    <subfield code="e">dnr</subfield>
  </datafield>
  <datafield tag="942" ind1=" " ind2=" ">
    <subfield code="c">MONOGRAFIA</subfield>
    <subfield code="n">0</subfield>
  </datafield>
  <datafield tag="999" ind1=" " ind2=" ">
    <subfield code="c">196221</subfield>
    <subfield code="d">196221</subfield>
  </datafield>
  <datafield tag="952" ind1=" " ind2=" ">
    <subfield code="0">0</subfield>
    <subfield code="1">0</subfield>
    <subfield code="2">udc</subfield>
    <subfield code="4">0</subfield>
    <subfield code="7">0</subfield>
    <subfield code="8">Librosdedicados</subfield>
    <subfield code="a">ATENEOM</subfield>
    <subfield code="b">ATENEOM</subfield>
    <subfield code="c">DEPOJ</subfield>
    <subfield code="d">2025-05-09</subfield>
    <subfield code="e">DONACION</subfield>
    <subfield code="l">0</subfield>
    <subfield code="o">N-9296</subfield>
    <subfield code="p">101230022</subfield>
    <subfield code="r">2025-05-09 00:00:00</subfield>
    <subfield code="w">2025-05-09</subfield>
    <subfield code="y">MONOGRAFIA</subfield>
  </datafield>
</record>
